Nenne einen Ort in Schleswig-Holstein, der... - Statistiken

Allgemein
  • Dieses Quiz wurde 87 mal gespielt
  • Das Durchschnittsergebnis liegt bei 7 aus 10
Antwortstatistiken
Nenne einen Ort in Schleswig-Holstein, ... Ort % Korrekt
der an Hamburg grenzt und einen Bahnhof besitzt. (Auch Hamburger S- und U-Bahn!) Wedel | Pinneberg | Halstenbek | Bönningstedt | Norderstedt | Ammersbek | Ahrensburg | Reinbek
95%
der im Kreis Plön liegt und einen Bahnhof besitzt. Schwentinental | Preetz | Ascheberg | Plön
76%
der einen Grenzbahnhof besitzt. (Grenze zu Dänemark) Süderlügum | Flensburg
76%
der zu den 30 größten Städten Schleswig-Holsteins gehört und mit S beginnt. Schenefeld | Schleswig | Schwarzenbek | Stockelsdorf
74%
der im Kreis Dithmarschen liegt und über 5.000 Einwohner zählt. Büsum | Marne | Meldorf | Brunsbüttel | Heide
72%
der am weitesten in einer Himmelsrichtung liegt. List auf Sylt | Helgoland | Fehmarn | Lauenburg
68%
der im Kreis Ostholstein liegt und an Lübeck grenzt. Stockelsdorf | Bad Schwartau | Ratekau | Timmendorfer Strand
62%
der über 5.000 Einwohner zählt und einen Bahnhof an der Bahnstrecke Kiel-Flensburg besitzt. (Ausgenommen Kiel und Flensburg) Kronshagen | Gettorf | Eckernförde | Süderbrarup
59%
der im Kreis Schleswig-Flensburg liegt und eine Landgrenze zu Dänemark besitzt. Weesby | Böxlund | Jardelund | Osterby | Handewitt | Harrislee
54%
der über 15.000 Einwohner zählt und keine Stadtrechte besitzt. Halstenbek | Henstedt-Ulzburg | Ratekau | Stockelsdorf
28%
Keine übereinstimmenden Quizze gefunden
Verteilung der Resultate
Anzahl Personen mit jedem Resultat
Perzentil nach korrekt beantworteten Fragen
Ihre Resultats-Entwicklung
Sie haben dieses Quiz noch nicht gespielt